SD Eibar Squad 2018-2019 - Statistics

General Stats
  • This quiz has been taken 8 times
  • The average score is 17 of 24
Answer Stats
# Position Nation Player % Correct
19 FW Brazil Charles Dias
100%
14 FW Chile Fabián Orellana
100%
- Coach Spain José Luis Mendilibar
100%
1 GK Serbia Marko Dmitrović
100%
9 FW Spain Sergi Enrich
100%
23 DF Spain Anaitz Arbilla
88%
4 DF Spain Iván Ramis
88%
17 FW Spain Kike García
88%
16 FW Argentina Pablo De Blasis
88%
8 MF Senegal Pape Diop
88%
5 MF Argentina Gonzalo Escalante
75%
15 DF Spain José Ángel
75%
20 MF Spain Marc Cucurella
75%
12 DF Portugal Paulo Oliveira
75%
3 DF Spain Pedro Bigas
75%
6 MF Spain Sergio Álvarez
75%
13 GK Spain Asier Riesgo
63%
24 MF Spain Joan Jordán
63%
21 FW Spain Pedro León
50%
11 DF Spain Rubén Peña
50%
7 FW Spain Marc Cardona
38%
2 DF Spain Jordi Calavera
25%
18 FW Spain Pablo Hervías
25%
22 FW Spain Pere Milla
25%
No matching quizzes found
Score Distribution
Percent of People with Each Score
Percentile by Number Answered
Your Score History
You have not taken this quiz